තීන්දුවට එරෙහිව/

Saved in:
Bibliographic Details
Main Author: Thomas, Jeevan Job
Other Authors: දිනරාවී, නේත්‍රා අනු
Format: Book
Language:English
Sinhalese
Published: මීගමුව: අකුර ප්‍රකාශන, 2024.
Subjects:
Tags: Add Tag
No Tags, Be the first to tag this record!

MARC

LEADER 00000nam a22000007a 4500
008 251015b |||||||| |||| 00| 0 eng d
020 |a 9789556759235 
041 |h sin 
082 |a 891.483  |b THO 
100 |a Thomas, Jeevan Job 
245 |a තීන්දුවට එරෙහිව/ 
260 |a මීගමුව:  |b අකුර ප්‍රකාශන,  |c 2024. 
300 |a පි.160:  |c සෙ.මි.20 
650 0 |a ‍සිංහල නවකතා 
700 |a දිනරාවී, නේත්‍රා අනු. 
942 |c BK 
999 |c 26747  |d 26747